| 000 | 004880000a22001210004500 | ||
|---|---|---|---|
| 090 |
_aAS _bSeriadas |
||
| 245 | 1 | 0 | _aTres nuevas especies de Atelopus A.M.C. dumeril 'cia' bibron 1841 (<Amphibia: Bufonidae>) de la cordillera central de Colombia |
| 041 | 0 | _aEspañol | |
| 700 | 1 |
_aOsorno Muñoz, Mariela _999163 |
|
| 100 | 1 |
_aRuiz Carranza, Pedro M. _994187 |
|
| 942 | _cARTICULO | ||
| 773 | 1 |
_tRevista de la Academia Colombiana de Ciencias Exactas, Fisicas y Naturales _332 _h72 _q165-179 _d1994 _g19 |
|
| 999 |
_c14295 _d14295 |
||